[Event "9th HDBank Open 2019"]
[Site "Ho Chi Minh City"]
[Date "2019.03.12"]
[Round "8.27"]
[White "Dang, Hoang Son"]
[Black "Vo, Thanh Ninh"]
[Result "0-1"]
[WhiteElo "2385"]
[BlackElo "2358"]
[Annotator "NA"]
[PlyCount "140"]
[EventDate "2019.03.07"]
[EventType "swiss"]
[EventCountry "VIE"]
[SourceTitle "playchess.com"]
[Source "ChessBase"]
[SourceQuality "1"]
[TimeControl "5400+30"]

{[%evp 8,113,-6,-6,0,32767,-6,-1,10,-9,-16,-8,6,16,17,12,20,17,21,9,23,12,11,0,0,9,26,0,4,0,301,0,0,-8,0,0,0,0,0,0,0,0,34,35,172,7,0,0,0,0,0,0,0,-17,32767,32767,32767,32767,0,-31,-20,0,-22,-19,0,0,0,0,0,0,0,0,0,0,0,0,0,0,0,0,0,0,1281,32767,32767,32767,32767,-457,-517,-458,-685,-689,-653,-462,-620,-443,-610,32767,32767,32767,32767,32767,32767,-393,-549,-524,-595,-803]} 1. e4 {[%emt 0:01:41]} e6 {[%emt 0:00:13]} 2. d3 {[%emt 0:00:28]} d5 {[%emt 0:00:15]} 3. Nd2 {[%emt 0:00:07]} Nf6 {[%emt 0:02:38]} 4. Ngf3 {[%emt 0:00:08]} b6 {[%emt 0:05:44]} 5. e5 {[%emt 0:02:12]} Nfd7 {[%emt 0:01:13]} 6. d4 {[%emt 0:00:32]} c5 {[%emt 0:00:42] LiveBook: 51 Games} 7. c3 {[%emt 0:00:26]} Ba6 {[%emt 0:04:19] C00: French: Unusual White 2nd moves} (7... Be7 8. Bb5 Ba6 9. a4 cxd4 10. cxd4 Qc8 11. Qe2 Qb7 12. O-O Bxb5 13. axb5 a6 14. Ne1 axb5 15. Rxa8 Qxa8 {½-½ (86) Andriasian,Z (2613)-Hou,Y (2590) Moscow 2010}) 8. a3 {[%emt 0:03:58]} Bxf1 {[%emt 0:03:58]} 9. Nxf1 {[%emt 0:02:11]} c4 {[%emt 0:00:15]} 10. Ng3 {[%emt 0:00:56]} Nc6 $146 {[%emt 0:00:17]} ({Predecessor:} 10... Be7 11. O-O Nc6 12. Be3 Qc7 13. Qc2 h6 {0-1 (43) Pokora,L (2009)-Boruvka,R Liberec 2006}) 11. O-O {[%emt 0:00:20]} Na5 {[%emt 0:05:26]} 12. Be3 {[%emt 0:02:39]} Nb3 {[%emt 0:12:10]} 13. Rb1 {[%emt 0:00:54]} Be7 {[%emt 0:00:21]} 14. Nd2 {[%emt 0:00:18]} Nxd2 {[%emt 0:00:05]} 15. Bxd2 {[%emt 0:00:06]} g6 {[%emt 0:08:27]} 16. Bh6 {[%emt 0:03:00]} Bf8 {[%emt 0:02:29]} 17. Bxf8 {[%emt 0:01:48]} Kxf8 {[%emt 0:00:33]} 18. f4 {[%emt 0:00:09]} Nb8 $2 {[%emt 0:01:28] [#]} (18... Qe7 $11 {and Black is okay.}) 19. Rf2 $2 {[%emt 0:00:57]} (19. f5 $1 $18 {[%cal Rf5e6][%mdl 512]} exf5 {[#]} 20. Nxf5 $1 {[%mdl 512]} gxf5 21. Rxf5) 19... Nc6 {[%emt 0:00:08]} 20. Nf1 {[%emt 0:00:11]} Ne7 {[%emt 0:03:03]} 21. g4 {[%emt 0:03:02]} h5 {[%emt 0:00:14]} 22. h3 {[%emt 0:00:04]} Ke8 {[%emt 0:09:10]} 23. Ne3 {[%emt 0:00:39]} hxg4 {[%emt 0:00:14]} 24. hxg4 {[%emt 0:00:06]} Rh3 {[%emt 0:00:11]} 25. Rh2 {[%emt 0:01:00]} Rxe3 {[%emt 0:02:38]} (25... Rxh2 $14 26. Kxh2 b5) 26. Rh8+ $2 {[%emt 0:02:42]} (26. Qa4+ $18 Kf8 27. Kf2) 26... Kd7 {[%emt 0:00:05]} 27. Rxd8+ {[%emt 0:02:25]} Rxd8 {[%emt 0:00:04]} 28. Kg2 {[%emt 0:00:09]} Rh8 {[%emt 0:00:26]} 29. Qa4+ {[%emt 0:00:53]} Nc6 {[%emt 0:00:04]} 30. Rh1 {[%emt 0:00:41]} Rxh1 {[%emt 0:10:24]} 31. Kxh1 {[%emt 0:00:02]} Re1+ {[%emt 0:00:05]} 32. Kh2 {[%emt 0:00:03]} Re2+ {[%emt 0:00:03] Double Attack} 33. Kg3 {[%emt 0:00:10]} Rxb2 {[%emt 0:00:03]} 34. Qd1 {[%emt 0:00:13]} Rb3 {[%emt 0:00:10]} 35. Qd2 {[%emt 0:00:05]} Rxa3 {[%emt 0:00:22]} 36. Kh4 {[%emt 0:00:05]} b5 {[%emt 0:00:26]} 37. Kg5 {[%emt 0:00:07]} Ra6 {[%emt 0:16:20]} 38. Kf6 {[%emt 0:00:22]} Nd8 {[%emt 0:00:04]} 39. Qb2 {[%emt 0:00:13]} Rb6 {[%emt 0:00:07]} 40. Qb4 {[%emt 0:00:25]} Rb7 {[%emt 0:00:17]} 41. Kg7 {[%emt 0:00:37]} Ke8 $1 {[%emt 0:03:34]} 42. Kg8 {[%emt 0:02:22]} Rb6 {[%emt 0:00:38]} 43. Qc5 {[%emt 0:00:42]} b4 {[%emt 0:03:12]} 44. cxb4 {[%emt 0:00:16]} Rc6 $2 {[%emt 0:00:02]} (44... Rb7 $11) 45. Qf8+ {[%emt 0:00:13]} Kd7 {[%emt 0:00:04]} 46. b5 {[%emt 0:00:08]} Rc7 {[%emt 0:00:14]} 47. Qd6+ {[%emt 0:03:05]} Kc8 {[%emt 0:00:04]} 48. Qa6+ {[%emt 0:00:18] [#]} Kb8 $1 {[%emt 0:01:09]} 49. b6 {[%emt 0:00:46]} axb6 {[%emt 0:00:24]} 50. Qxb6+ {[%emt 0:00:06] [#]} Nb7 $1 {[%emt 0:00:44]} 51. Qb2 {[%emt 0:00:21]} c3 {[%emt 0:00:04]} 52. Qc2 {[%emt 0:00:02]} Na5 {[%emt 0:01:44]} 53. Kf8 {[%emt 0:00:14]} Ka7 {[%emt 0:02:05]} 54. Ke8 {[%emt 0:01:14]} Kb6 {[%emt 0:00:31]} 55. Qb1+ {[%emt 0:00:26]} Ka6 {[%emt 0:00:34]} 56. Qc2 $19 {[%emt 0:00:28] [#]} Kb5 $1 {[%emt 0:00:14]} 57. Kd8 {[%emt 0:00:14]} Rc4 {[%emt 0:00:30]} 58. Kd7 {[%emt 0:04:44]} Nc6 {[%emt 0:01:07]} 59. f5 {[%emt 0:00:47]} gxf5 {[%emt 0:00:12]} 60. gxf5 {[%emt 0:00:07]} Nb4 {[%emt 0:02:19]} 61. Qc1 {[%emt 0:01:00]} c2 {[%emt 0:02:36]} 62. fxe6 {[%emt 0:00:03]} fxe6 {[%emt 0:00:08]} 63. Kxe6 {[%emt 0:00:04]} Nd3 {[%emt 0:00:25]} 64. Qa3 {[%emt 0:00:06]} Nf4+ {[%emt 0:00:46]} 65. Kf5 {[%emt 0:01:59]} c1=Q {[%emt 0:00:05]} 66. Qa7 {[%emt 0:00:10]} Qe3 {[%emt 0:01:12]} 67. Qb7+ {[%emt 0:00:42]} Ka4 {[%emt 0:00:11]} 68. Qa6+ {[%emt 0:01:07]} Kb3 {[%emt 0:00:09]} 69. Kf6 {[%emt 0:01:28]} Qxd4 {[%emt 0:00:20]} 70. Qd6 {[%emt 0:00:49]} Nd3 0-1

[Event "9th HDBank Open 2019"]
[Site "Ho Chi Minh City"]
[Date "2019.03.12"]
[Round "8.28"]
[White "Sukandar, Irine Kharisma"]
[Black "Tran, Minh Thang"]
[Result "1-0"]
[WhiteElo "2381"]
[BlackElo "2343"]
[Annotator "NA"]
[PlyCount "63"]
[EventDate "2019.03.07"]
[EventType "swiss"]
[EventCountry "VIE"]
[SourceTitle "playchess.com"]
[Source "ChessBase"]
[SourceQuality "1"]
[TimeControl "5400+30"]

{[%evp 12,56,5,19,32767,20,14,22,33,18,0,12,122,114,277,288,265,306,275,268,278,280,32767,275,276,275,286,267,311,288,297,305,264,279,286,272,265,280,279,280,313,288,410,436,679,698,653]} 1. e4 {[%emt 0:00:00]} c5 {[%emt 0:05:52]} 2. Nf3 {[%emt 0:00:23]} e6 {[%emt 0:00:10]} 3. c4 {[%emt 0:00:52]} Nc6 {[%emt 0:00:38]} 4. Nc3 {[%emt 0:00:18]} Nf6 {[%emt 0:00:27]} 5. Be2 {[%emt 0:00:52]} Be7 {[%emt 0:00:45]} 6. O-O {[%emt 0:00:50]} e5 {[%emt 0:01:28]} 7. d3 {[%emt 0:00:28]} h6 {[%emt 0:00:08] A34: Symmetrical English: 2 Nc3, lines with ...d5} (7... O-O 8. a3 d6 9. Rb1 {½-½ (9) Oratovsky,M (2486)-Vazquez Igarza,R (2596) San Sebastian 2015}) 8. a3 $146 {[%emt 0:00:55]} ({Predecessor:} 8. Be3 O-O 9. Nd2 d6 10. f4 Nd4 11. h3 a6 12. f5 Bd7 13. g4 Nh7 14. Bxd4 exd4 15. Nd5 {½-½ (42) Rosenhain,R (1647)-Spangenberg,R (1788) Germany 2014}) 8... O-O {[%emt 0:09:19]} 9. Rb1 {[%emt 0:00:26]} b6 {[%emt 0:09:28]} 10. Nd5 {[%emt 0:02:19]} d6 {[%emt 0:01:58]} 11. b4 {[%emt 0:08:40]} Bg4 {[%emt 0:07:32]} (11... Bd7 $11) 12. Nxe5 $1 {[%emt 0:20:52]} Bxe2 $2 {[%emt 0:08:55]} (12... Nxe5 $16 {is a better defense.} 13. Nxf6+ Bxf6) 13. Nxc6 {[%emt 0:00:17]} Bxd1 {[%emt 0:02:40]} 14. Ndxe7+ {[%emt 0:00:18]} Kh7 {[%emt 0:00:42]} 15. Nxd8 {[%emt 0:00:06]} Bc2 {[%emt 0:02:09]} 16. Rb2 {[%emt 0:01:23]} Bxd3 {[%emt 0:00:07]} 17. Rd1 {[%emt 0:00:56]} Bxc4 {[%emt 0:01:30]} 18. Ndc6 {[%emt 0:04:08]} Nxe4 {[%emt 0:00:11]} 19. f3 {[%emt 0:06:38]} Nc3 {[%emt 0:01:04]} 20. Rxd6 {[%emt 0:00:33]} Ne2+ {[%emt 0:05:17] [#]} 21. Kh1 $1 {[%emt 0:01:35]} ({Weaker is} 21. Rxe2 Bxe2 22. bxc5 bxc5 $16) 21... cxb4 {[%emt 0:02:55]} 22. Rxb4 {[%emt 0:01:29]} b5 {[%emt 0:01:19]} 23. Be3 {[%emt 0:01:35]} a5 {[%emt 0:01:06]} 24. Rb1 {[%emt 0:00:46]} Rfe8 {[%emt 0:01:10]} 25. Bd2 {[%emt 0:01:38]} b4 {[%emt 0:06:59]} 26. axb4 {[%emt 0:00:47]} a4 {[%emt 0:00:05]} 27. Nd5 {[%emt 0:09:53]} a3 {[%emt 0:04:40]} (27... Re6 $142) 28. Nc7 $18 {[%emt 0:04:26]} a2 {[%emt 0:01:27]} 29. Ra1 {[%emt 0:00:07]} Ra3 {[%emt 0:02:22]} 30. Nxe8 {[%emt 0:01:40]} Rb3 {[%emt 0:00:06]} 31. Be1 {[%emt 0:00:53]} Nf4 {[%emt 0:06:34]} 32. Na5 {[%emt 0:02:32]} 1-0

[Event "9th HDBank Open 2019"]
[Site "Ho Chi Minh City"]
[Date "2019.03.12"]
[Round "8.30"]
[White "Priyanka Nutakki"]
[Black "Chanda, Sandipan"]
[Result "0-1"]
[WhiteElo "2297"]
[BlackElo "2534"]
[Annotator "TA"]
[PlyCount "102"]
[EventDate "2019.03.07"]
[EventType "swiss"]
[EventCountry "VIE"]
[SourceTitle "playchess.com"]
[Source "ChessBase"]
[SourceQuality "1"]

{[%evp 19,102,2,12,-13,0,0,0,0,-4,-18,17,-53,-45,-43,-23,-31,0,-79,-79,-96,-89,-100,-109,-141,-135,-157,-119,-141,-126,-134,-72,-160,-159,-158,-158,-171,-167,-183,-175,-173,-159,-180,-190,-257,-258,-301,-308,-306,-299,-310,-306,-353,-359,-341,-349,-424,-433,-425,-426,-463,-466,-471,-464,-458,-437,-440,-458,-616,-592,-778,-716,-670,-621,-688,-687,-614,-643,-617,-617,-620,-617,-597,-586,-814,-681]} 1. c4 Nf6 2. Nc3 d5 3. cxd5 Nxd5 4. Nf3 g6 5. d4 Bg7 6. Bd2 O-O 7. e4 Nb6 8. Be3 Bg4 9. Be2 Nc6 {D90: Grünfeld: 4 Nf3 Bg7 sidelines} 10. e5 (10. d5 Bxf3 11. gxf3 Ne5 12. Qb3 c5 13. f4 c4 14. Qc2 Nd3+ 15. Bxd3 cxd3 16. Qxd3 Rc8 17. Bd4 Bxd4 18. Qxd4 Nc4 19. b3 Nd6 20. O-O {½-½ (39) So,W (2812)-Topalov,V (2749) Paris 2017}) 10... Qd7 {LiveBook: 5 Games} 11. Qd2 Rad8 {The position is equal.} 12. Rd1 $1 f6 {[%cal Rf6e5]} 13. exf6 exf6 14. O-O {[#]} f5 $146 ({Predecessor:} 14... Rfe8 15. Rfe1 Kh8 16. h3 Bxf3 17. Bxf3 {½-½ (33) Matviishen,V (2423)-Socko,B (2592) Suwalki 2018}) 15. d5 (15. Bg5 $11) 15... Bxf3 $1 $15 16. Bxf3 Ne5 $36 {[%mdl 2048] Black fights for an advantage.} 17. Be2 f4 18. Bd4 {[#]} (18. Bxf4 $11 Nec4 19. Bxc4 Nxc4 20. Qc1) 18... f3 $1 $17 19. Bxe5 fxg2 ({Don't play} 19... Bxe5 $6 20. Bxf3 Rxf3 21. gxf3 $11) 20. Kxg2 {aiming for f4.} Bxe5 21. f3 Rf4 {Threatens to win with ...Rh4.} 22. Qe3 Qf5 23. Kh1 Rh4 24. Rf2 Bf4 (24... Kg7 $142 25. f4 Rxf4) 25. Qe6+ ({White should play} 25. Qe7 Qg5 26. Qxg5 Bxg5 27. Ne4) 25... Qxe6 26. dxe6 Re8 27. Ne4 Rxe6 28. b3 Kg7 29. Bf1 Re5 30. Rc2 Nd5 31. h3 (31. Bc4 {is a better defense.} Nb6 32. Bf1) 31... Kh6 $19 32. Rc5 Ne3 33. Rxe5 Bxe5 34. Re1 Nxf1 35. Rxf1 Rxh3+ {[%mdl 4096] Endgame KRB-KRN} 36. Kg1 g5 37. Nf2 Rg3+ {Black is clearly winning.} 38. Kh1 {White wants to play Ng4+.} Kg6 39. Ne4 Rh3+ 40. Kg1 Kf5 41. Nc5 b6 42. Nd3 Bd6 43. a4 a5 44. Kf2 h5 45. Ke2 Bf4 46. Nf2 Rh2 {[#] ...Bg3 is the strong threat.} 47. Kd3 g4 48. fxg4+ hxg4 {[%cal Bh5g4,Bg4g3][%mdl 32]} 49. Kc4 {intending Nd3.} g3 50. Nd3 Rh4 {White must now prevent ...g2.} 51. Kb5 Rg4 {Precision: White = 33%, Black = 71%.} 0-1

[Event "9th HDBank Open 2019"]
[Site "Ho Chi Minh City"]
[Date "2019.03.13"]
[Round "9.2"]
[White "Bogdanovich, Stanislav"]
[Black "Predke, Alexandr"]
[Result "1/2-1/2"]
[WhiteElo "2536"]
[BlackElo "2611"]
[Annotator "TA"]
[PlyCount "135"]
[EventDate "2019.03.07"]
[EventType "swiss"]
[EventCountry "VIE"]
[SourceTitle "playchess.com"]
[Source "ChessBase"]
[SourceQuality "1"]

{[%evp 17,135,0,27,27,27,12,10,0,0,0,0,-2,0,0,0,0,0,0,12,0,13,0,14,14,13,0,0,0,0,0,0,-51,-45,-57,-25,-45,0,0,0,-2,0,-5,0,0,0,0,0,-10,-8,-12,-8,-18,-14,-8,0,-14,-14,-103,-110,-110,-56,-56,-56,-64,0,0,0,0,0,0,-4,-8,0,-8,-8,-185,0,-178,0,-206,-206,-214,0,0,0,0,0,0,0,0,0,0,0,0,0,0,0,0,0,0,0,0,0,0,0,0,0,0,0,0,0,0,0,0,0,0,0,0,0,-29980]} 1. e4 e5 2. Nf3 Nc6 3. Bc4 Bc5 4. c3 Nf6 5. d3 a6 6. Nbd2 O-O {C54: Giuoco Piano: 4 c3 Nf6, main lines with 5 d4 and 5 d3} 7. Bb3 d6 (7... d5 8. exd5 Nxd5 9. Ne4 Be7 10. O-O Kh8 11. Re1 f5 12. Ng3 f4 13. Nf1 Bg4 14. h3 {1-0 (56) Duda,J (2724)-Yu,Y (2760) Liaocheng 2018}) 8. Nf1 h6 9. Ng3 Be6 {LiveBook: 11 Games} 10. Bxe6 fxe6 11. O-O $146 ({Predecessor:} 11. b4 Ba7 12. O-O d5 13. a4 Rf7 14. Qe2 Ng4 15. h3 {1-0 (45) Stubbs,M (2029)-O'Brien,G (1751) ICCF email 2014}) 11... a5 12. d4 exd4 13. cxd4 Bb6 14. Be3 d5 15. e5 Ne4 16. Qd3 Nxg3 17. fxg3 Qe7 18. Rac1 Nb4 19. Qb1 Rac8 20. a3 Nc6 21. g4 Rxf3 22. Rxf3 Bxd4 23. Bxd4 Nxd4 24. Re3 (24. Rf2 $11) 24... Qg5 $15 25. Qd3 c5 ({But not} 25... Qxg4 $2 26. h3 $18) (25... Ne2+ $5 26. Qxe2 d4 $15) 26. h3 Ne2+ 27. Qxe2 d4 28. Rec3 dxc3 29. Rxc3 $11 {[%mdl 4096] Endgame KQR-KQR} b6 30. Rb3 Rf8 31. Qe4 Rf4 32. Qa8+ Kh7 33. Rxb6 Rd4 $36 {[%mdl 2048] Black has some pressure.} 34. Qf3 Qxe5 {And now ...c4 would win.} 35. Rb3 c4 36. Rc3 Re4 37. Rc1 {[#]} (37. b3 $11) 37... Re3 $1 $17 {[%cal Re3f3]} 38. Qc6 Qxb2 (38... Qf4 $17 {Strongly threatening ...Rxh3!} 39. Rd1 (39. Rf1 Qd4 $17) 39... Re2) 39. Qxc4 $15 Qxa3 40. Kf2 Qd3 (40... a4 $15) 41. Qxd3+ $11 Rxd3 {KR-KR} 42. Rc6 $1 a4 43. Rxe6 a3 44. Ra6 Rd2+ 45. Ke1 Ra2 46. Kf1 $2 (46. Kd1 $11 {and White is okay.}) 46... Kg8 $2 (46... Ra1+ $19 47. Kf2 g5 48. Ra7+ Kg8) 47. Ra7 $2 (47. Kg1 $11) 47... g5 $2 (47... Ra1+ $19 48. Kf2 g5 49. Ra8+ Kf7 50. Ra7+ Ke8) 48. Kg1 $2 (48. Ke1 $11 {and White stays safe.}) 48... Kf8 49. Kh2 Ke8 $2 (49... Ra1 $19 {aiming for ...a2.} 50. Ra4 a2) 50. Ra6 {The position is equal.} Kd7 51. Rxh6 Rc2 52. Ra6 a2 53. Kg3 Kc7 {White should prevent ...Kb7.} 54. h4 Kb7 55. Ra4 gxh4+ 56. Kxh4 Kb6 57. g3 $1 Kb5 58. Ra8 Rh2+ 59. Kg5 Kb4 60. Kf5 Rc2 61. Kf6 Kb5 62. Ke7 Kb6 63. Ra3 Rc7+ 64. Kf6 Ra7 {[#]} 65. Rxa2 $1 {[%mdl 512]} Rxa2 66. g5 Rf2+ 67. Ke5 Rg2 68. Ke4 $2 {[%mdl 40960] Precision: White = 65%, Black = 56%. . An unexpected result.} (68. g6 $11) 1/2-1/2

[Event "9th HDBank Open 2019"]
[Site "Ho Chi Minh City"]
[Date "2019.03.13"]
[Round "9.3"]
[White "Liu, Guanchu"]
[Black "Iturrizaga Bonelli, Eduardo"]
[Result "1-0"]
[WhiteElo "2445"]
[BlackElo "2639"]
[Annotator "TA"]
[PlyCount "59"]
[EventDate "2019.03.07"]
[EventType "swiss"]
[EventCountry "VIE"]
[SourceTitle "playchess.com"]
[Source "ChessBase"]
[SourceQuality "1"]

{[%evp 15,59,34,48,30,46,47,43,46,53,45,61,45,79,54,60,60,69,65,131,120,108,133,131,125,129,126,91,116,119,134,117,107,150,145,159,150,249,221,300,270,301,278,456,460,428,432]} 1. e4 c5 2. Nf3 e6 3. d4 cxd4 4. Nxd4 a6 5. Nc3 b5 6. Bd3 Bb7 7. O-O Qc7 8. Re1 Bd6 9. Nf3 {B43: Sicilian: Kan Variation: 5 Nc3} Bc5 10. Qd2 Ne7 (10... Be7 11. a4 b4 12. Ne2 Nf6 13. Ng3 Nc6 14. b3 h5 15. h3 h4 16. Nf1 {1-0 (58) Grischuk,A (2750)-Rapport,R (2698) chess.com INT 2017}) 11. b4 {[%cal Bb2b4,Bb4b5][%mdl 32] White is slightly better.} Bd6 12. a4 O-O 13. Bb2 ({Much worse is} 13. axb5 Bxb4 14. Bb2 Rc8 $11) 13... f6 14. Reb1 $146 ({Predecessor:} 14. Red1 Bxb4 15. Nxb5 axb5 16. Qxb4 {1-0 (40) Sadler,C (1894)-Steamboat,B (2163) IECC email 2009}) 14... bxa4 15. Rxa4 Nbc6 16. b5 Ne5 ({Better is} 16... Bf4 $1 $14 17. b6 Qb8) 17. Nxe5 $16 Bxe5 18. bxa6 Bxh2+ 19. Kf1 Bf4 20. Qe2 Bc6 {[#]} 21. Nb5 $1 {[%cal Rb5c7]} Qd8 22. a7 Nc8 23. g3 $36 {[%mdl 2048] White is on the roll.} Be5 24. Ba3 Rf7 {[#]} 25. Bc5 $1 d6 (25... Kh8 $16 {is a better defense.} 26. f4 Bc7) 26. Be3 $18 d5 27. exd5 exd5 28. f4 Bd6 $2 (28... g6 29. Bc5 (29. fxe5 fxe5+ 30. Kg1 e4 $16) 29... Bxb5 30. Rxb5 Bd6) 29. Ra6 Bxb5 30. Rxb5 {Accuracy: White = 93%, Black = 43%.} ({Weaker is} 30. Bxb5 Nxa7 31. Rba1 Bb8 $18) 1-0

[Event "9th HDBank Open 2019"]
[Site "Ho Chi Minh City"]
[Date "2019.03.13"]
[Round "9.4"]
[White "Popov, Ivan"]
[Black "Van Wely, Loek"]
[Result "1/2-1/2"]
[WhiteElo "2581"]
[BlackElo "2612"]
[Annotator "TA"]
[PlyCount "72"]
[EventDate "2019.03.07"]
[EventType "swiss"]
[EventCountry "VIE"]
[SourceTitle "playchess.com"]
[Source "ChessBase"]
[SourceQuality "1"]

{[%evp 12,72,24,28,27,22,23,34,21,31,34,27,32,26,36,29,37,13,23,0,0,0,13,-3,-3,-7,-4,-6,-3,-8,-8,-6,-10,-15,0,-5,0,-97,8,18,19,19,14,11,14,0,0,0,0,0,0,0,0,-3,0,0,0,0,0,0,0,0,0]} 1. e4 c5 2. Nf3 d6 3. d4 cxd4 4. Nxd4 Nf6 5. Nc3 a6 6. h3 e6 7. g4 Be7 {B81: Sicilian Scheveningen: Keres Attack} 8. g5 Nfd7 9. Be3 b5 {White is slightly better.} 10. a3 Bb7 11. h4 Nc6 12. Qd2 (12. Rg1 Nc5 13. f3 O-O 14. h5 d5 15. exd5 exd5 16. Nxc6 Bxc6 {1-0 (67) Wang,H (2730)-Yilmaz,M (2636) St Petersburg 2018}) 12... Rc8 13. Nxc6 Bxc6 14. O-O-O Rb8 15. Qd4 O-O $146 16. h5 Nc5 17. f4 Qc7 {White should prevent ...e5.} 18. h6 {[%csl Gh6][%cal Rd4g7] [#]} e5 19. Qd2 $1 {Hoping for hxg7.} g6 $1 20. Bxc5 $1 dxc5 21. Nd5 $1 {[%cal Rd5c7]} Bxd5 $1 22. exd5 {[#] d6 is the strong threat.} Rbd8 23. Re1 Bd6 24. Rh3 (24. fxe5 $11 {keeps the balance.} Bxe5 25. Kb1) 24... Rfe8 (24... exf4 $17 25. Qc3 f6 26. gxf6 Rde8) 25. Rhe3 $11 {With the idea c4.The position is equal.} Qb8 26. fxe5 Bxe5 27. Kb1 {Threatens to win with Qe2.} Bd6 28. Bh3 Rxe3 29. Qxe3 Bf8 30. Rf1 {Intending Rxf7! and mate.} Qd6 31. Bg2 a5 32. Qf3 Rd7 33. Bh3 Rb7 34. Re1 Re7 35. Rf1 Rb7 36. Re1 Re7 {Accuracy: White = 69%, Black = 80%.} 1/2-1/2

[Event "9th HDBank Open 2019"]
[Site "Ho Chi Minh City"]
[Date "2019.03.13"]
[Round "9.5"]
[White "Gukesh D"]
[Black "Megaranto, Susanto"]
[Result "1-0"]
[WhiteElo "2529"]
[BlackElo "2526"]
[Annotator "TA"]
[PlyCount "63"]
[EventDate "2019.03.07"]
[EventType "swiss"]
[EventCountry "VIE"]
[SourceTitle "playchess.com"]
[Source "ChessBase"]
[SourceQuality "1"]

{[%evp 17,63,63,79,75,76,70,77,76,64,56,85,89,86,82,93,98,100,100,100,97,102,95,98,90,90,91,97,93,118,118,161,137,442,452,445,410,443,450,452,429,1055,1050,991,1006,889,487,503,497]} 1. e4 g6 2. d4 Bg7 3. Nc3 c6 4. Nf3 d6 5. Be3 Nf6 6. Qd2 Bg4 7. Be2 {B08: Pirc Defence: Classical System} (7. Ng1 b5 8. Bd3 e5 9. dxe5 dxe5 10. h3 Be6 11. Nf3 Nbd7 12. Ng5 O-O 13. Nxe6 fxe6 14. g4 Rf7 {1-0 (50) Naiditsch,A (2673)-Krasenkow,M (2610) Jurmala 2016}) 7... O-O 8. h3 Bxf3 9. Bxf3 Nbd7 {LiveBook: 19 Games} 10. O-O-O {[%cal Ba1d1,Bd1d3,Bd3b3][%mdl 32]} b5 11. e5 b4 12. exf6 bxc3 13. Qxc3 Nxf6 14. Qxc6 ({Much worse is} 14. Bxc6 $6 Rc8 $11) 14... d5 $146 ({Predecessor:} 14... Rb8) 15. Rd3 Rc8 16. Qa6 e6 17. Rhd1 Nd7 18. Rb3 Nb6 19. Be2 Qc7 {[%csl Gc8][%cal Rc7c2]} 20. Rc3 Qb8 21. Rxc8 Rxc8 22. Rd3 e5 {[#]} 23. dxe5 $1 Qxe5 24. c3 Bh6 $2 {[%mdl 8192] [#]} (24... Re8 $16 {is tougher.} 25. Qxa7 Nc4) 25. Bg4 $1 $18 f5 26. Bxh6 fxg4 27. Qxa7 {White is clearly winning.} gxh3 28. gxh3 Nc4 {[#]} (28... Qc7 $142 29. Qxc7 Rxc7) 29. Rxd5 $1 {[%mdl 512]} Qe1+ (29... Qxd5 30. Qg7#) 30. Rd1 {[%csl Gh6][%cal Ra7g7]} Qe5 31. Qd4 Qxd4 32. Rxd4 {Precision: White = 88%, Black = 58%.} 1-0

[Event "9th HDBank Open 2019"]
[Site "Ho Chi Minh City"]
[Date "2019.03.13"]
[Round "9.6"]
[White "Cao, Sang"]
[Black "Nguyen, Ngoc Truong Son"]
[Result "1/2-1/2"]
[WhiteElo "2385"]
[BlackElo "2647"]
[Annotator "TA"]
[PlyCount "130"]
[EventDate "2019.03.07"]
[EventType "swiss"]
[EventCountry "VIE"]
[SourceTitle "playchess.com"]
[Source "ChessBase"]
[SourceQuality "1"]

{[%evp 15,130,8,20,20,25,23,21,12,40,37,38,8,14,0,0,0,8,0,12,0,0,0,-3,0,0,0,0,0,0,-8,0,-7,-3,-18,-18,-14,-10,-48,-7,-22,0,0,83,85,142,70,64,85,111,112,112,112,107,77,99,99,130,135,200,82,89,90,90,75,75,75,75,75,75,75,75,75,75,75,90,90,99,99,99,90,90,90,90,65,90,65,65,0,90,65,90,65,90,65,90,65,90,90,93,58,58,22,22,22,22,22,58,58,65,22,22,22,25,25,25,25,25]} 1. e4 c5 2. Nf3 d6 3. d4 cxd4 4. Nxd4 Nf6 5. Nc3 a6 6. g3 e5 7. Nde2 Be7 8. Bg2 b5 9. Nd5 {B91: Sicilian Najdorf: 6 g3} Nxd5 (9... Nbd7 10. Nec3 Nb6 11. Nxf6+ Bxf6 12. O-O O-O 13. b3 b4 14. Nd5 Nxd5 15. Qxd5 Be6 16. Qd3 Qc7 {0-1 (57) Giri,A (2782)-Vachier Lagrave,M (2789) Leuven 2018}) 10. Qxd5 Ra7 11. Be3 {The position is equal.} (11. Qd3 {keeps more tension.} Nd7 12. O-O O-O 13. Nc3 Nf6 14. Bg5) 11... Be6 (11... Rb7 {looks sharper.} 12. Qd3 Nd7 13. O-O O-O 14. Nc3 Nf6) 12. Qd2 Rb7 13. O-O Nd7 14. a3 $146 {[%cal Ba2a3,Ba3a4][%mdl 32]} ({Predecessor:} 14. f4 Bc4 15. b3 Bxe2 16. Qxe2 O-O {½-½ (51) Albrecht,H (2117)-Kordts,W (2121) Bayern 2006}) 14... O-O 15. Nc3 Nf6 16. Bg5 Rc7 17. Rfd1 Rc6 18. Bxf6 Bxf6 19. a4 b4 20. Nd5 Bxd5 21. Qxd5 Rxc2 22. b3 Qb6 23. Rd2 Rc5 24. Qxd6 Rc6 25. Qd3 $1 Rc3 26. Qb1 Rfc8 {next ...Bg5 is good for Black.} 27. Qd1 Bg5 28. Rd6 Qb8 {[#]} (28... Qc5 $11) 29. Bf1 $1 $16 ({Wrong is} 29. Rxa6 $2 Rc1 $19) 29... a5 (29... R3c6 $142 30. Rd7 Rd8) 30. Rd7 (30. Bc4 $1 $16) 30... R3c7 $1 $14 31. Bc4 $36 {[%mdl 2048] White has strong initiative.} Rf8 32. Qd6 Rxd7 33. Qxd7 Kh8 34. Bxf7 Qb6 {[#] White must now prevent ...Qf6.} 35. Rf1 Qf6 36. Bc4 Bc1 (36... Qf3 $16 {might work better.} 37. Qd5 Bd8) 37. Qe6 (37. Qa7 $18 Bb2 38. Qxa5) 37... Bb2 38. Qxf6 gxf6 $16 {[%mdl 4096] Endgame KRB-KRB} 39. f4 Rd8 40. Kg2 Rd2+ 41. Rf2 Rxf2+ 42. Kxf2 exf4 43. gxf4 {KB-KB} Kg7 44. Kf3 Kf8 45. Kg4 Bc1 46. Kf5 Ke7 47. Bg8 h6 48. h4 {[%cal Bh2h4,Bh4h5][%mdl 32]} Bd2 49. h5 Bc1 50. Bh7 Bd2 51. Bg8 Bc1 $1 52. Bc4 Bd2 53. Bf1 Bc1 54. Bh3 Bd2 55. Bg4 Bc1 56. e5 fxe5 57. Kxe5 Bd2 58. f5 Bg5 59. Be2 Kf7 60. Bc4+ Kg7 61. Ke6 Bf6 62. Kd7 Bg5 63. Kc7 Bf6 64. Kb6 Bd8+ 65. Kc6 Bf6 {Accuracy: White = 53%, Black = 64%.} 1/2-1/2